logo

Bir Sreshtho Munshi Abdur Rouf Library
Jhenaidah Cadet College

Staff burnout : (Record no. 8051)

MARC details
000 -LEADER
fixed length control field 01143cam a22003612 4500
001 - CONTROL NUMBER
JCCL Control Number 8051
003 - CONTROL NUMBER IDENTIFIER
JCCL marc code BD - JhCC
005 - DATE AND TIME OF LATEST TRANSACTION
control field 20180217193049.0
008 - FIXED-LENGTH DATA ELEMENTS--GENERAL INFORMATION
fixed length control field 800711s1980 cau b 000 0 eng
020 ## - INTERNATIONAL STANDARD BOOK NUMBER
International Standard Book Number 0803913389
020 ## - INTERNATIONAL STANDARD BOOK NUMBER
International Standard Book Number 0803913397 (pbk.)
035 ## - SYSTEM CONTROL NUMBER
system control number 9BD - JhCC08051
040 ## - CATALOGING SOURCE
Original cataloging agency DLC
Transcribing agency DLC
Modifying agency IUD
-- UKM
-- NLM
-- EQO
-- BD - JhCC
041 ## - LANGUAGE CODE
Language code of Book eng
050 0# - LIBRARY OF CONGRESS CALL NUMBER
Classification number BF481
Item number .C46
060 0# - NATIONAL LIBRARY OF MEDICINE CALL NUMBER
Classification number W1
Item number SA126M v.2 1980
Classification number [WM 30.5 C521s 1980]
082 0# - DEWEY DECIMAL CLASSIFICATION NUMBER
Classification number 361.3/023
DDC Edition number 19
Author mark and Year CHE 1980
100 1# - MAIN ENTRY--PERSONAL NAME
Personal name Cherniss, Cary.
245 10 - TITLE STATEMENT
Title Staff burnout :
Remainder of title job stress in the human services /
Statement of responsibility, etc Cary Cherniss.
260 ## - PUBLICATION, DISTRIBUTION, ETC. (IMPRINT)
Place of publication, distribution, etc Beverly Hills, Calif. :
Name of publisher, distributor, etc Sage Publications,
Date of publication, distribution, etc c1980.
300 ## - PHYSICAL DESCRIPTION
Pagination 199 p. ;
Dimensions 23 cm.
490 1# - SERIES STATEMENT
Series statement Sage studies in community mental health ;
Volume number/sequential designation v. 2
504 ## - BIBLIOGRAPHY, ETC. NOTE
Bibliography, etc Bibliography: p. 193-197.
650 #0 - SUBJECT ADDED ENTRY--TOPICAL TERM
Topical term or geographic name as entry element Burn out (Psychology)
650 #0 - SUBJECT ADDED ENTRY--TOPICAL TERM
Topical term or geographic name as entry element Mental health personnel.
650 #0 - SUBJECT ADDED ENTRY--TOPICAL TERM
Topical term or geographic name as entry element Social workers.
650 #2 - SUBJECT ADDED ENTRY--TOPICAL TERM
Topical term or geographic name as entry element Community Mental Health Services
General subdivision manpower
650 #2 - SUBJECT ADDED ENTRY--TOPICAL TERM
Topical term or geographic name as entry element Job Satisfaction
650 #2 - SUBJECT ADDED ENTRY--TOPICAL TERM
Topical term or geographic name as entry element Stress, Psychological
830 #0 - SERIES ADDED ENTRY--UNIFORM TITLE
Uniform title Sage studies in community mental health ;
Volume number/sequential designation v. 2
942 ## - ADDED ENTRY ELEMENTS (KOHA)
Source of classification or shelving scheme Dewey Decimal Classification
Koha item type Books
Holdings
Source of classification or shelving scheme Damaged status Not for loan Home library Current library Shelving location Total Checkouts Full call number Barcode Date last seen Copy number Koha item type
Dewey Decimal Classification     JCC Rouf Library JCC Rouf Library General Stacks   361.3/023 CHE 1980 10560 02/17/2018 C - 1 Books

JCC Library | Contacts | JCC Home

Last Update on 23 September 2017
Copyright @ 2017-2020 JCC Rouf Library
Rouf Library, Jhenidah Cadet College (JCC), Bangladesh